| 000 | 00000nam##2200000za#4500 |
| 001 | 9.614674 |
| 003 | CaOODSP |
| 005 | 20211126112847 |
| 007 | ta |
| 008 | 150406|1998||||xxc||||| f|0| 0 eng|d |
| 020 | |a0-662-27458-X |
| 022 | |a1192-5434 |
| 040 | |aCaOODSP|beng |
| 043 | |an-cn--- |
| 086 | 1 |aFB3-2/98-22E |
| 110 | 2 |aBank of Canada. |
| 245 | 12|aA non-paradoxical interpretation of the Gibson Paradox / |cby Serge Coulombe. |
| 260 | |aOttawa - Ontario : |bBank of Canada |c1998. |
| 300 | |av, 38p. : |bgraphs, tables ; |c28 cm. |
| 490 | 1 |aWorking paper|x1192-5434|v98-22 |
| 504 | |aBibliography. |
| 563 | |aSoftcover |
| 590 | |a99-01|b1999-01-08 |
| 690 | 07|aInterest rates|2gcpds |
| 690 | 07|aCurrency|2gcpds |
| 690 | 07|aMonetary policy|2gcpds |
| 720 | 1 |aCoulombe, Serge |
| 776 | 0#|tA non-paradoxical interpretation of the Gibson paradox / |w(CaOODSP)9.571684 |
| 830 | #0|aWorking paper,|x1192-5434|v98-22|w(CaOODSP)9.514622 |